Bài tập thống kê doanh nghiệp

Guardado en:
Detalles Bibliográficos
Autor principal: Chu, Văn Tuấn
Formato: Libro
Lenguaje:Undetermined
Publicado: Hà Nội Tài chính 2003
Materias:
Etiquetas: Agregar Etiqueta
Sin Etiquetas, Sea el primero en etiquetar este registro!
Thư viện lưu trữ: Trung tâm Học liệu Trường Đại học Cần Thơ
LEADER 00564nam a2200193Ia 4500
001 CTU_110373
008 210402s9999 xx 000 0 und d
020 |c 12000 
082 |a 330.1543 
082 |b T502 
100 |a Chu, Văn Tuấn 
245 0 |a Bài tập thống kê doanh nghiệp 
245 0 |c Chu Văn Tuấn 
260 |a Hà Nội 
260 |b Tài chính 
260 |c 2003 
650 |a Economics, mathematical,Statistics,Managerial economics 
904 |i Tuyến 
980 |a Trung tâm Học liệu Trường Đại học Cần Thơ